Tensiones en la infancia

Sparad:
Bibliografiska uppgifter
Huvudupphovsman: Varma, Ved P (Författare, medförfattare)
Materialtyp: Bok
Språk:spanska
Publicerad: Madrid Aula XXI 1976
Serie:Educación Abierta - Santillana
Ämnen:
Taggar: Lägg till en tagg
Inga taggar, Lägg till första taggen!

MARC

LEADER 00000nam a2200000 a 4500
001 UCZ7147
003 CL-VaPUC
008 951222e19760000SP |||||||||||||||||spa|d
082 0 4 |a 371.94  |b VAR  |2 21 
100 0 |a Varma, Ved P  |e author  |9 351915 
245 1 0 |a Tensiones en la infancia 
300 |a 288 p 
942 |c BK 
945 |d 19951222 00:00:00  |a lriquelm 
260 |a Madrid  |b Aula XXI  |c 1976 
650 0 |a Educación especial  |9 307486 
650 0 |a Desarrollo afectivo  |9 334359 
650 0 |a Niños  |9 255605 
650 0 |a Psicología del niño  |9 307305 
650 0 |a Trastornos emocionales   |9 307307 
650 7 |a NIÑOS MINUSVALIDOS  |2 CL-VaPUC  |9 309747 
650 0 |a Adaptación   |9 269588 
650 0 |a Delincuencia juvenil  |9 311188 
650 7 |a NIÑOS ADOPTADOS  |2 CL-VaPUC  |9 334724 
583 |a last modification  |c 19951222 00:00:00  |k Rodrigo Vera 
490 0 |a Educación Abierta - Santillana 
999 |c 243269  |d 243267 
952 |0 0  |1 0  |4 0  |6 371_940000000000000_VAR_1976  |7 0  |8 A  |9 256811  |a BIBEDU  |b BIBEDU  |d 2019-11-19  |i 1609149  |o 371.94 VAR 1976  |p 1609149  |r 2019-11-19  |w 2019-11-19  |y BK  |k EDU 
952 |0 0  |1 0  |4 0  |6 371_940000000000000_VAR_1976  |7 0  |8 A  |9 256812  |a BIBEDU  |b BIBEDU  |d 2019-11-19  |i 1634321  |o 371.94 VAR 1976  |p 1634321  |r 2019-11-19  |w 2019-11-19  |y BK  |k EDU